What the Bible is all about : (Record no. 6443)

MARC details
000 -LEADER
fixed length control field 00888cam a2200277Ia 4500
001 - CONTROL NUMBER
control field 25716
003 - CONTROL NUMBER IDENTIFIER
control field GBCCL
005 - DATE AND TIME OF LATEST TRANSACTION
control field 20241126110603.0
008 - FIXED-LENGTH DATA ELEMENTS--GENERAL INFORMATION
fixed length control field 810415s1966 mnub 000 0 eng d
035 ## - SYSTEM CONTROL NUMBER
System control number 30390
035 ## - SYSTEM CONTROL NUMBER
System control number (OCoLC)07338907
040 ## - CATALOGING SOURCE
Original cataloging agency ICW
Transcribing agency ICW
049 ## -
-- LBBK
-- 1-2
-- LBBA
-- LBBC
082 ## - DEWEY DECIMAL CLASSIFICATION NUMBER
Classification number 220.61
Item number MEA
092 ## - LOCALLY ASSIGNED DEWEY CALL NUMBER (OCLC)
Classification number 220
Item number M483w
100 1# - MAIN ENTRY--PERSONAL NAME
Personal name Mears, Henrietta C.
Fuller form of name (Henrietta Cornelia),
Dates associated with a name 1890-
9 (RLIN) 11544
245 10 - TITLE STATEMENT
Title What the Bible is all about :
Remainder of title an easy to understand survey of the Bible /
Statement of responsibility, etc. Henrietta C. Mears.
250 ## - EDITION STATEMENT
Edition statement Crusade ed.
260 ## - PUBLICATION, DISTRIBUTION, ETC.
Place of publication, distribution, etc. Minneapolis :
Name of publisher, distributor, etc. Billy Graham Evangelistic Association,
Date of publication, distribution, etc. 1966.
300 ## - PHYSICAL DESCRIPTION
Extent 675 p.;
Other physical details maps ,
Dimensions 20 cm.
500 ## - GENERAL NOTE
General note Preface by Billy Graham
520 ## - SUMMARY, ETC.
Summary, etc. Lloyd M. Perry Collection.
650 ## - SUBJECT ADDED ENTRY--TOPICAL TERM
Topical term or geographic name entry element Bible
General subdivision Criticism, Interpretation, etc.
9 (RLIN) 11115
700 12 - ADDED ENTRY--PERSONAL NAME
Personal name Graham, Billy,
Dates associated with a name 1918-
9 (RLIN) 449
942 ## - ADDED ENTRY ELEMENTS (KOHA)
Source of classification or shelving scheme Dewey Decimal Classification
Koha item type Books
Koha issues (borrowed), all copies 4
Holdings
Withdrawn status Lost status Source of classification or shelving scheme Damaged status Not for loan Home library Current Library Shelving location Date acquired Total checkouts Full call number Barcode Date last seen Date last checked out Copy number Price effective from Koha item type
    Dewey Decimal Classification     GRACE BIBLE COLLEGE GRACE BIBLE COLLEGE Biblical Studies 2018-05-15 1 220.61 MEA 007452 2025-05-01 2023-03-14 c.1 2018-05-15 Books
    Dewey Decimal Classification     GRACE BIBLE COLLEGE GRACE BIBLE COLLEGE Biblical Studies 2018-05-16 3 220.61 MEA 007460 2025-05-01 2018-10-30 c.2 2018-05-16 Books
© Grace Bible College Library 2025